00568cam a22002051a 45000010008000000030005000080050017000130080041000300100017000710200018000880350020001060400024001260420012001500500026001620820013001881000048002012450054002492600030003033000029003338285891Nust20170407095739.0910819s1927 enka 000 1 eng  a 32019517  a9788129112170 a(OCoLC)25440772 aDLCcCaSRUdIUdDLC apremarc00aPZ3.W465bMe2aPR5774 a823bWEL1 aWells, H. G.q(Herbert George),d1866-1946.10aMeanwhile :bthe picture of a lady /cH.G. Wells. aLondon :bE. Benn,c1927. a327 p. :bill. ;c19 cm.